Vamos a cultivar peces : (Registro nro. 1469)

Detalles MARC
000 -CABECERA
Campo de control 00832cam a2200217 a 4500
005 - FECHA Y HORA DE LA ULTIMA TRANSACCION
Campo de control 20161012120906.0
008 - ELEMENTOS DE LONGITUD FIJA—INFORMACION GENERAL
Campo de control 981028s1997 ck a r 00010 spa d
040 ## - FUENTE DE CATALOGACIÓN
Agencia catalogadora original la
Agencia transcriptora la
Agencia Modificadora CO-BoIAVH
041 0# - IDIOMA
Código de idioma para texto/pista de sonido o título separado Español
044 ## - PAÍS DE PUBLICACIÓN
País de publicación Colombia
090 ## - CLASIFICACIÓN LOCAL
Colección FG-
Consecutivo 0070
245 00 - MENCION DE TITULO
Título Vamos a cultivar peces :
Parte restante del título tilapia nilótica ó mojarra plateada y cachama /
Mención de responsabilidad Jaime Bairo Orrego Murillo ; fotos archivo Cornare ... [et al.].
260 ## - PUBLICACION, DISTRIBUCION, ETC. (PIE DE IMPRENTA)
Lugar de publicación, distribución, etc. [Santa Fe de Bogotá] :
Nombre del editor, distribuidor, etc. Cornare,
Fecha de publicación, distribución, etc. 1997.
300 ## - DESCRIPCION FISICA
Extensión 31 páginas :
Otros detalles físicos ilustraciones a color ;
Dimensiones 21 x 16 cm.
650 26 - ASIENTO SECUNDARIO DE MATERIA - TERMINO TEMATICO
Término temático o nombre geográfico como elemento de entrada Piscicultura
Subdivisión geográfica Colombia
9 (RLIN) 76854
650 26 - ASIENTO SECUNDARIO DE MATERIA - TERMINO TEMATICO
Término temático o nombre geográfico como elemento de entrada Peces de agua dulce
Subdivisión geográfica Colombia
9 (RLIN) 76855
700 1# - ASIENTO SECUNDARIO - NOMBRE PERSONAL
Nombre personal Orrego Murillo, Jaime Bairo.
9 (RLIN) 76851
700 1# - ASIENTO SECUNDARIO - NOMBRE PERSONAL
Nombre personal Iral Zapata, Gloria Offir
9 (RLIN) 76852
710 2# - ASIENTO SECUNDARIO - NOMBRE CORPORATIVO
Nombre corporativo o de jurisdicción como elemento de entrada Corporación Autónoma Regional Rionegro - Nare. Cornare
9 (RLIN) 76856
942 ## - ELEMENTOS ADICIONALES (KOHA)
Sistema de clasificación Local
Tipo de ítem Folleto
Existencias
Withdrawn status Lost status Sistema de Clasificación Damaged status No para préstamo Colección Inventariado Ubicación Permanente Ubicación actual Fecha de adquisición Fuente de Valor Total Checkouts Número topográfico Inventario / Código de Barras Date last seen Ejemplar Price effective from Forma de adquisición Tipo de material
    Local     Hemeroteca Inventariado 2017 Bogotá Bogotá 01/09/1999 Corporación Autónoma Regional de Quindío   FG-0070 002020 04/12/2012 Ej. 1 04/12/2012 Donación Folleto